000 00625nam a2200205Ia 4500
001 12899
003 GE_BSU
008 181216s||||||||xx |||||||||||||| ||und||
040 _cGE_BSU
080 _a631.8
100 _aПрянишников,Д.Н.
245 _aИзбранные сочинения в трех томах. Т.1
245 _cПод.ред.О.К.Кедрова-Зихмана. Ред.В.П.Иванов
260 _aМосква
260 _bизд-во сельхоз. лит-ры
260 _c1952
300 _a691стр.27см.
653 _aИзбранные сочинения
942 _cBK
999 _c46069
_d46069